[Event "British Rapidplay Championship 2023"]
[Site "Mercure Bradford, Bankfield Hotel"]
[Date "2023.04.15"]
[Round "5.32"]
[White "Ezzo, Talal"]
[Black "Parr, Thomas"]
[Result "1-0"]
[TimeControl "All moves in 15 minutes plus 10 second increment per move from move 1"]
[WhiteElo "1637"]
[BlackElo "1324"]

1. d4 {[%clk 00:15:17]} {[%emt 00:00:02]} f5 {[%clk 00:15:19]} {[%emt
00:00:02]} 2. Nc3 {[%clk 00:15:24]} {[%emt 00:00:04]} Nf6 {[%clk 00:15:26]}
{[%emt 00:00:03]} 3. Bf4 {[%clk 00:15:32]} {[%emt 00:00:01]} d6 {[%clk
00:15:22]} {[%emt 00:00:14]} 4. Nf3 {[%clk 00:15:33]} {[%emt 00:00:09]} g6
{[%clk 00:15:30]} {[%emt 00:00:03]} 5. h3 {[%clk 00:15:41]} {[%emt 00:00:02]}
Bg7 {[%clk 00:15:37]} {[%emt 00:00:03]} 6. Qd2 {[%clk 00:15:45]} {[%emt
00:00:05]} O-O {[%clk 00:15:40]} {[%emt 00:00:07]} 7. O-O-O {[%clk 00:15:47]}
{[%emt 00:00:08]} Qe8 {[%clk 00:15:45]} {[%emt 00:00:06]} 8. Bh6 {[%clk
00:15:49]} {[%emt 00:00:07]} e5 {[%clk 00:15:33]} {[%emt 00:00:23]} 9. Bxg7
{[%clk 00:15:29]} {[%emt 00:00:29]} Kxg7 {[%clk 00:15:39]} {[%emt 00:00:04]} 10.
dxe5 {[%clk 00:14:14]} {[%emt 00:01:25]} dxe5 {[%clk 00:15:46]} {[%emt
00:00:03]} 11. e3 {[%clk 00:13:12]} {[%emt 00:01:12]} e4 {[%clk 00:15:23]}
{[%emt 00:00:33]} 12. Nd4 {[%clk 00:13:11]} {[%emt 00:00:12]} a6 {[%clk
00:14:44]} {[%emt 00:00:49]} 13. Bc4 {[%clk 00:12:30]} {[%emt 00:00:51]} Nc6
{[%clk 00:14:19]} {[%emt 00:00:35]} 14. Qe2 {[%clk 00:12:12]} {[%emt 00:00:27]}
Nxd4 {[%clk 00:14:05]} {[%emt 00:00:24]} 15. Rxd4 {[%clk 00:12:15]} {[%emt
00:00:07]} Be6 {[%clk 00:13:57]} {[%emt 00:00:18]} 16. h4 {[%clk 00:10:45]}
{[%emt 00:01:41]} b5 {[%clk 00:12:53]} {[%emt 00:01:14]} 17. Bxe6 {[%clk
00:09:34]} {[%emt 00:01:20]} Qxe6 {[%clk 00:13:00]} {[%emt 00:00:03]} 18. Rhd1
{[%clk 00:09:30]} {[%emt 00:00:15]} Rf7 {[%clk 00:08:33]} {[%emt 00:04:37]} 19.
Kb1 {[%clk 00:08:55]} {[%emt 00:00:46]} Rd7 {[%clk 00:07:58]} {[%emt 00:00:44]}
20. Rxd7+ {[%clk 00:08:19]} {[%emt 00:00:45]} Nxd7 {[%clk 00:08:05]} {[%emt
00:00:03]} 21. Nd5 {[%clk 00:07:43]} {[%emt 00:00:47]} Rc8 {[%clk 00:07:18]}
{[%emt 00:00:56]} 22. Nf4 {[%clk 00:07:41]} {[%emt 00:00:11]} Qe7 {[%clk
00:05:54]} {[%emt 00:01:34]} 23. Qd2 {[%clk 00:06:18]} {[%emt 00:01:35]} Nf6
{[%clk 00:05:27]} {[%emt 00:00:37]} 24. b3 {[%clk 00:05:11]} {[%emt 00:01:17]}
c5 {[%clk 00:03:02]} {[%emt 00:02:34]} 25. Qa5 {[%clk 00:03:34]} {[%emt
00:01:47]} Rc6 {[%clk 00:02:34]} {[%emt 00:00:38]} 26. Qd2 {[%clk 00:03:19]}
{[%emt 00:00:26]} c4 {[%clk 00:02:10]} {[%emt 00:00:34]} 27. Qd4 {[%clk
00:02:47]} {[%emt 00:00:42]} Rc7 {[%clk 00:01:01]} {[%emt 00:01:19]} 28. Nd5
{[%clk 00:02:18]} {[%emt 00:00:39]} Qf7 {[%clk 00:00:30]} {[%emt 00:00:41]} 29.
Nxc7 {[%clk 00:02:24]} {[%emt 00:00:04]} Qxc7 {[%clk 00:00:38]} {[%emt
00:00:02]} 30. Qd6 {[%clk 00:02:21]} {[%emt 00:00:12]} Qa5 {[%clk 00:00:34]}
{[%emt 00:00:15]} 31. Qe7+ {[%clk 00:02:10]} {[%emt 00:00:20]} Kh6 {[%clk
00:00:27]} {[%emt 00:00:17]} 32. Qxf6 {[%clk 00:02:12]} {[%emt 00:00:08]} c3
{[%clk 00:00:17]} {[%emt 00:00:21]} 33. Qg5+ {[%clk 00:02:15]} {[%emt
00:00:07]} Kg7 {[%clk 00:00:25]} {[%emt 00:00:02]} 34. Rd7+ {[%clk 00:02:22]}
{[%emt 00:00:02]} Kg8 {[%clk 00:00:17]} {[%emt 00:00:18]} 35. Qd8+ {[%clk
00:02:29]} {[%emt 00:00:03]} Qxd8 {[%clk 00:00:24]} {[%emt 00:00:03]} 36. Rxd8+
{[%emt 00:00:08]} 1-0

[Event "British Rapidplay Championship 2023"]
[Site "Mercure Bradford, Bankfield Hotel"]
[Date "2023.04.15"]
[Round "5.33"]
[White "Bowmer, James"]
[Black "Singh, Adamjeet"]
[Result "0-1"]
[TimeControl "All moves in 15 minutes plus 10 second increment per move from move 1"]
[WhiteElo "1531"]
[BlackElo "1213"]

1. e4 {[%clk 00:15:17]} {[%emt 00:00:03]} c5 {[%clk 00:15:19]} {[%emt
00:00:02]} 2. c3 {[%clk 00:15:25]} {[%emt 00:00:02]} Nc6 {[%clk 00:15:25]}
{[%emt 00:00:04]} 3. d4 {[%clk 00:15:33]} {[%emt 00:00:02]} cxd4 {[%clk
00:15:31]} {[%emt 00:00:02]} 4. cxd4 {[%clk 00:15:40]} {[%emt 00:00:05]} e6
{[%clk 00:15:37]} {[%emt 00:00:03]} 5. Nf3 {[%clk 00:15:44]} {[%emt 00:00:06]}
Nf6 {[%clk 00:15:45]} {[%emt 00:00:03]} 6. Nc3 {[%clk 00:15:31]} {[%emt
00:00:23]} Bb4 {[%clk 00:15:51]} {[%emt 00:00:04]} 7. Bd3 {[%clk 00:14:54]}
{[%emt 00:00:47]} d5 {[%clk 00:15:43]} {[%emt 00:00:18]} 8. e5 {[%clk
00:13:28]} {[%emt 00:01:35]} Nd7 {[%clk 00:15:35]} {[%emt 00:00:19]} 9. O-O
{[%clk 00:13:22]} {[%emt 00:00:16]} O-O {[%clk 00:15:38]} {[%emt 00:00:06]} 10.
Ne2 {[%clk 00:12:18]} {[%emt 00:01:16]} h6 {[%clk 00:15:24]} {[%emt 00:00:23]}
11. Bd2 {[%clk 00:12:22]} {[%emt 00:00:06]} Bxd2 {[%clk 00:15:07]} {[%emt
00:00:25]} 12. Qxd2 {[%clk 00:12:29]} {[%emt 00:00:04]} Nb6 {[%clk 00:14:35]}
{[%emt 00:00:43]} 13. h3 {[%clk 00:11:13]} {[%emt 00:01:26]} Bd7 {[%clk
00:14:15]} {[%emt 00:00:30]} 14. Nh2 {[%clk 00:11:18]} {[%emt 00:00:05]} f6
{[%clk 00:13:58]} {[%emt 00:00:26]} 15. f4 {[%clk 00:11:12]} {[%emt 00:00:17]}
f5 {[%clk 00:13:20]} {[%emt 00:00:47]} 16. g3 {[%clk 00:09:12]} {[%emt
00:02:10]} Be8 {[%clk 00:13:04]} {[%emt 00:00:27]} 17. Nc1 {[%clk 00:09:04]}
{[%emt 00:00:18]} Nxd4 {[%clk 00:12:38]} {[%emt 00:00:34]} 18. Nf3 {[%clk
00:08:33]} {[%emt 00:00:42]} Nxf3+ {[%clk 00:12:42]} {[%emt 00:00:06]} 19. Rxf3
{[%clk 00:08:41]} {[%emt 00:00:03]} Bh5 {[%clk 00:12:35]} {[%emt 00:00:17]} 20.
Rf2 {[%clk 00:08:30]} {[%emt 00:00:20]} Qe7 {[%clk 00:12:09]} {[%emt 00:00:37]}
21. Nb3 {[%clk 00:08:15]} {[%emt 00:00:25]} Rfd8 {[%clk 00:12:06]} {[%emt
00:00:12]} 22. Nd4 {[%clk 00:08:02]} {[%emt 00:00:23]} Nc4 {[%clk 00:11:38]}
{[%emt 00:00:38]} 23. Bxc4 {[%clk 00:07:59]} {[%emt 00:00:13]} dxc4 {[%clk
00:11:44]} {[%emt 00:00:03]} 24. Qc3 {[%clk 00:07:54]} {[%emt 00:00:16]} Rac8
{[%clk 00:11:25]} {[%emt 00:00:28]} 25. Nb5 {[%clk 00:07:13]} {[%emt 00:00:49]}
Rd3 {[%clk 00:11:15]} {[%emt 00:00:23]} 26. Qa5 {[%clk 00:06:21]} {[%emt
00:01:02]} Qc5 {[%clk 00:10:35]} {[%emt 00:00:50]} 27. Qa4 {[%clk 00:03:22]}
{[%emt 00:03:09]} Rxg3+ {[%clk 00:10:09]} {[%emt 00:00:35]} 28. Kf1 {[%clk
00:03:13]} {[%emt 00:00:20]} Rxh3 {[%clk 00:08:49]} {[%emt 00:01:30]} 29. Kg1
{[%clk 00:02:00]} {[%emt 00:01:24]} Qc6 {[%clk 00:08:32]} {[%emt 00:00:26]} 30.
Rh2 {[%clk 00:01:07]} {[%emt 00:01:03]} Qb6+ {[%clk 00:08:28]} {[%emt
00:00:14]} 31. Rf2 {[%clk 00:00:59]} {[%emt 00:00:18]} Qc6 {[%clk 00:08:36]}
{[%emt 00:00:03]} 32. Rh2 {[%clk 00:01:05]} {[%emt 00:00:04]} Rxh2 {[%clk
00:08:43]} {[%emt 00:00:02]} 33. Kxh2 {[%clk 00:01:14]} {[%emt 00:00:02]} a6
{[%clk 00:08:46]} {[%emt 00:00:07]} 34. Nc3 {[%clk 00:01:21]} {[%emt 00:00:03]}
0-1

[Event "British Rapidplay Championship 2023"]
[Site "Mercure Bradford, Bankfield Hotel"]
[Date "2023.04.15"]
[Round "5.34"]
[White "Manavalan, Keerthi Kumar"]
[Black "Smith, Jacob"]
[Result "1-0"]
[TimeControl "All moves in 15 minutes plus 10 second increment per move from move 1"]
[WhiteElo "1419"]
[BlackElo "1513"]

1. e4 {[%clk 00:15:18]} {[%emt 00:00:01]} d5 {[%clk 00:15:19]} {[%emt
00:00:02]} 2. exd5 {[%clk 00:15:23]} {[%emt 00:00:05]} Nf6 {[%clk 00:15:27]}
{[%emt 00:00:02]} 3. Nf3 {[%clk 00:15:19]} {[%emt 00:00:13]} Nxd5 {[%clk
00:15:05]} {[%emt 00:00:32]} 4. Be2 {[%clk 00:15:04]} {[%emt 00:00:25]} Bf5
{[%clk 00:14:37]} {[%emt 00:00:38]} 5. d3 {[%clk 00:14:32]} {[%emt 00:00:43]}
Nc6 {[%clk 00:14:03]} {[%emt 00:00:44]} 6. Bd2 {[%clk 00:14:10]} {[%emt
00:00:31]} e5 {[%clk 00:14:06]} {[%emt 00:00:08]} 7. c4 {[%clk 00:13:43]}
{[%emt 00:00:37]} Nf6 {[%clk 00:14:05]} {[%emt 00:00:10]} 8. Bc3 {[%clk
00:13:28]} {[%emt 00:00:26]} e4 {[%clk 00:13:19]} {[%emt 00:00:56]} 9. dxe4
{[%clk 00:13:16]} {[%emt 00:00:21]} Qxd1+ {[%clk 00:13:24]} {[%emt 00:00:06]}
10. Bxd1 {[%clk 00:13:21]} {[%emt 00:00:05]} Nxe4 {[%clk 00:13:26]} {[%emt
00:00:07]} 11. O-O {[%clk 00:13:04]} {[%emt 00:00:27]} Nxc3 {[%clk 00:12:45]}
{[%emt 00:00:52]} 12. Nxc3 {[%clk 00:13:10]} {[%emt 00:00:04]} O-O-O {[%clk
00:12:47]} {[%emt 00:00:09]} 13. Ng5 {[%clk 00:11:19]} {[%emt 00:02:00]} Rd7
{[%clk 00:11:44]} {[%emt 00:01:12]} 14. Ba4 {[%clk 00:10:01]} {[%emt 00:01:29]}
h6 {[%clk 00:10:40]} {[%emt 00:01:14]} 15. Nf3 {[%clk 00:08:58]} {[%emt
00:01:13]} f6 {[%clk 00:10:26]} {[%emt 00:00:23]} 16. Bxc6 {[%clk 00:08:31]}
{[%emt 00:00:38]} bxc6 {[%clk 00:10:32]} {[%emt 00:00:04]} 17. Rad1 {[%clk
00:07:38]} {[%emt 00:01:02]} Bd3 {[%clk 00:10:12]} {[%emt 00:00:31]} 18. Rfe1
{[%clk 00:07:28]} {[%emt 00:00:19]} Bb4 {[%clk 00:09:12]} {[%emt 00:01:10]} 19.
Re3 {[%clk 00:05:58]} {[%emt 00:01:40]} Bxc4 {[%clk 00:08:44]} {[%emt
00:00:39]} 20. Rxd7 {[%clk 00:05:56]} {[%emt 00:00:12]} Kxd7 {[%clk 00:08:49]}
{[%emt 00:00:04]} 21. a3 {[%clk 00:05:03]} {[%emt 00:01:04]} Bd6 {[%clk
00:07:35]} {[%emt 00:01:24]} 22. g3 {[%clk 00:04:20]} {[%emt 00:00:52]} Re8
{[%clk 00:07:00]} {[%emt 00:00:46]} 23. Rxe8 {[%clk 00:04:11]} {[%emt
00:00:19]} Kxe8 {[%clk 00:07:07]} {[%emt 00:00:02]} 24. Nd4 {[%clk 00:03:39]}
{[%emt 00:00:43]} Kd7 {[%clk 00:07:00]} {[%emt 00:00:17]} 25. Nf5 {[%clk
00:03:37]} {[%emt 00:00:11]} Bf8 {[%clk 00:07:07]} {[%emt 00:00:04]} 26. Kg2
{[%clk 00:03:00]} {[%emt 00:00:46]} g6 {[%clk 00:07:02]} {[%emt 00:00:16]} 27.
Ne3 {[%clk 00:03:04]} {[%emt 00:00:05]} Bf7 {[%clk 00:06:54]} {[%emt 00:00:18]}
28. Kf3 {[%clk 00:02:49]} {[%emt 00:00:25]} f5 {[%clk 00:06:38]} {[%emt
00:00:26]} 29. Ke2 {[%clk 00:02:16]} {[%emt 00:00:43]} Bg7 {[%clk 00:04:56]}
{[%emt 00:01:53]} 30. Kd3 {[%clk 00:02:18]} {[%emt 00:00:08]} Kd6 {[%clk
00:04:47]} {[%emt 00:00:19]} 31. Nc4+ {[%clk 00:01:50]} {[%emt 00:00:38]} Kc5
{[%clk 00:04:50]} {[%emt 00:00:07]} 32. b4# {[%clk 00:00:43]} {[%emt 00:00:38]}
1-0

[Event "British Rapidplay Championship 2023"]
[Site "Mercure Bradford, Bankfield Hotel"]
[Date "2023.04.15"]
[Round "5.35"]
[White "Appleyard, Tim"]
[Black "Hutchinson, Stephen A"]
[Result "0-1"]
[TimeControl "All moves in 15 minutes plus 10 second increment per move from move 1"]
[WhiteElo "1139"]
[BlackElo "1142"]

1. e4 {[%clk 00:15:18]} {[%emt 00:00:03]} e5 {[%clk 00:15:17]} {[%emt
00:00:03]} 2. Bc4 {[%clk 00:15:26]} {[%emt 00:00:02]} Nc6 {[%clk 00:15:22]}
{[%emt 00:00:05]} 3. d3 {[%clk 00:15:35]} {[%emt 00:00:02]} Bc5 {[%clk
00:15:29]} {[%emt 00:00:02]} 4. f4 {[%clk 00:15:33]} {[%emt 00:00:12]} d6
{[%clk 00:15:36]} {[%emt 00:00:03]} 5. Nf3 {[%clk 00:15:34]} {[%emt 00:00:09]}
Nf6 {[%clk 00:15:41]} {[%emt 00:00:04]} 6. Ng5 {[%clk 00:15:33]} {[%emt
00:00:12]} Be6 {[%clk 00:15:40]} {[%emt 00:00:11]} 7. Nxe6 {[%clk 00:14:08]}
{[%emt 00:01:35]} fxe6 {[%emt 00:00:03]} 8. fxe5 {[%emt 00:00:53]} dxe5 {[%emt
00:00:03]} 9. Bg5 {[%emt 00:00:50]} Nd4 {[%clk 00:13:52]} {[%emt 00:00:09]} 10.
O-O {[%clk 00:13:47]} {[%emt 00:00:31]} O-O {[%clk 00:13:57]} {[%emt 00:00:04]}
11. c3 {[%clk 00:12:31]} {[%emt 00:01:27]} Nc2+ {[%clk 00:13:19]} {[%emt
00:00:05]} 12. Kh1 {[%clk 00:11:26]} {[%emt 00:01:58]} Nxa1 {[%clk 00:13:25]}
{[%emt 00:00:03]} 13. Bxe6+ {[%clk 00:11:11]} {[%emt 00:00:27]} Kh8 {[%clk
00:13:30]} {[%emt 00:00:02]} 14. Nd2 {[%clk 00:10:52]} {[%emt 00:00:30]} h6
{[%clk 00:13:36]} {[%emt 00:00:03]} 15. Bxf6 {[%clk 00:10:31]} {[%emt
00:00:33]} Rxf6 {[%clk 00:13:41]} {[%emt 00:00:04]} 16. Bc4 {[%clk 00:08:33]}
{[%emt 00:02:08]} Qe7 {[%clk 00:13:44]} {[%emt 00:00:07]} 17. Rxf6 {[%clk
00:07:41]} {[%emt 00:01:02]} Qxf6 {[%clk 00:13:51]} {[%emt 00:00:03]} 18. Qxa1
{[%clk 00:07:40]} {[%emt 00:00:12]} Rf8 {[%clk 00:13:58]} {[%emt 00:00:03]} 19.
h3 {[%clk 00:05:45]} {[%emt 00:02:06]} Be3 {[%clk 00:14:03]} {[%emt 00:00:03]}
20. Nf3 {[%clk 00:05:28]} {[%emt 00:00:27]} Qf4 {[%clk 00:13:53]} {[%emt
00:00:19]} 21. Qe1 {[%clk 00:04:47]} {[%emt 00:00:53]} Bc5 {[%clk 00:13:34]}
{[%emt 00:00:28]} 22. b4 {[%clk 00:04:16]} {[%emt 00:00:42]} Bb6 {[%clk
00:13:37]} {[%emt 00:00:05]} 23. a4 {[%clk 00:03:52]} {[%emt 00:00:36]} a6
{[%clk 00:13:36]} {[%emt 00:00:11]} 24. a5 {[%clk 00:03:25]} {[%emt 00:00:37]}
Ba7 {[%clk 00:13:42]} {[%emt 00:00:03]} 25. Bd5 {[%clk 00:03:35]} {[%emt
00:00:01]} c6 {[%clk 00:13:46]} {[%emt 00:00:07]} 26. Be6 {[%clk 00:03:08]}
{[%emt 00:00:36]} Be3 {[%clk 00:13:43]} {[%emt 00:00:12]} 27. c4 {[%clk
00:02:56]} {[%emt 00:00:23]} Bd4 {[%clk 00:13:35]} {[%emt 00:00:17]} 28. b5
{[%clk 00:02:06]} {[%emt 00:01:01]} cxb5 {[%clk 00:13:40]} {[%emt 00:00:04]} 29.
cxb5 {[%clk 00:02:13]} {[%emt 00:00:03]} axb5 {[%clk 00:13:47]} {[%emt
00:00:03]} 30. Bd5 {[%clk 00:02:13]} {[%emt 00:00:11]} b6 {[%clk 00:13:36]}
{[%emt 00:00:20]} 31. Bc6 {[%clk 00:02:03]} {[%emt 00:00:21]} b4 {[%clk
00:13:38]} {[%emt 00:00:05]} 32. Qxb4 {[%clk 00:02:04]} {[%emt 00:00:12]} Qc1+
{[%clk 00:13:37]} {[%emt 00:00:10]} 33. Kh2 {[%emt 00:00:56]} Be3 {[%emt
00:00:06]} 34. a6 {[%clk 00:00:50]} {[%emt 00:00:23]} Bf4+ {[%clk 00:13:44]}
{[%emt 00:00:02]} 35. g3 {[%clk 00:00:54]} {[%emt 00:00:07]} Be3 {[%clk
00:13:46]} {[%emt 00:00:07]} 36. d4 {[%clk 00:00:54]} {[%emt 00:00:11]} Rxf3
{[%clk 00:13:47]} {[%emt 00:00:09]} 37. a7 {[%clk 00:00:44]} {[%emt 00:00:20]}
Qg1# {[%clk 00:13:52]} {[%emt 00:00:04]} 0-1

[ePGN "0.1;DGT LiveChess/2.2.5"]

[Event "British Rapidplay Championship 2023"]
[Site "Mercure Bradford, Bankfield Hotel"]
[Date "2023.04.15"]
[Round "6.1"]
[White "Deepak Ambattu, Rithvik"]
[Black "Clark, Robert G"]
[Result "0-1"]
[TimeControl "All moves in 15 minutes plus 10 second increment per move from move 1"]
[WhiteElo "1782"]
[BlackElo "2008"]

1. e4 {[%clk 00:15:17]} {[%emt 00:00:02]} e6 {[%clk 00:15:17]} {[%emt
00:00:04]} 2. d4 {[%clk 00:15:22]} {[%emt 00:00:05]} d5 {[%clk 00:15:24]}
{[%emt 00:00:02]} 3. Nd2 {[%clk 00:15:27]} {[%emt 00:00:05]} Nf6 {[%clk
00:15:32]} {[%emt 00:00:03]} 4. e5 {[%clk 00:15:35]} Nfd7 {[%clk 00:15:40]}
{[%emt 00:00:03]} 5. Bd3 {[%clk 00:15:42]} {[%emt 00:00:02]} c5 {[%clk
00:15:48]} {[%emt 00:00:02]} 6. c3 {[%clk 00:15:48]} {[%emt 00:00:05]} Nc6
{[%clk 00:15:55]} {[%emt 00:00:02]} 7. Ne2 {[%clk 00:15:51]} {[%emt 00:00:06]}
cxd4 {[%clk 00:16:03]} {[%emt 00:00:03]} 8. cxd4 {[%clk 00:15:58]} {[%emt
00:00:03]} f6 {[%clk 00:16:10]} {[%emt 00:00:03]} 9. exf6 {[%clk 00:16:03]}
{[%emt 00:00:05]} Nxf6 {[%clk 00:16:15]} {[%emt 00:00:03]} 10. Nf3 {[%clk
00:16:07]} {[%emt 00:00:08]} Bd6 {[%clk 00:16:22]} {[%emt 00:00:03]} 11. O-O
{[%clk 00:16:02]} {[%emt 00:00:14]} O-O {[%clk 00:16:28]} {[%emt 00:00:05]} 12.
Bg5 {[%clk 00:16:04]} {[%emt 00:00:08]} Bd7 {[%clk 00:16:13]} {[%emt 00:00:25]}
13. a3 {[%clk 00:15:47]} {[%emt 00:00:27]} Rc8 {[%clk 00:14:40]} {[%emt
00:01:43]} 14. Bc2 {[%clk 00:15:18]} {[%emt 00:00:40]} Be8 {[%clk 00:14:00]}
{[%emt 00:00:49]} 15. Ng3 {[%clk 00:07:01]} {[%emt 00:08:27]} Qc7 {[%clk
00:12:53]} {[%emt 00:01:17]} 16. Rc1 {[%clk 00:06:28]} {[%emt 00:00:43]} Bf4
{[%clk 00:11:50]} {[%emt 00:01:13]} 17. Bxf4 {[%clk 00:05:12]} {[%emt
00:01:26]} Qxf4 {[%clk 00:11:58]} {[%emt 00:00:02]} 18. Re1 {[%clk 00:04:42]}
{[%emt 00:00:40]} Bf7 {[%clk 00:11:25]} {[%emt 00:00:43]} 19. b4 {[%clk
00:03:31]} {[%emt 00:01:22]} a6 {[%clk 00:11:14]} {[%emt 00:00:21]} 20. Bb1
{[%clk 00:02:46]} {[%emt 00:00:54]} Ne7 {[%clk 00:10:11]} {[%emt 00:01:13]} 21.
Qd2 {[%clk 00:02:26]} {[%emt 00:00:30]} Qxd2 {[%clk 00:09:28]} {[%emt
00:00:52]} 22. Nxd2 {[%clk 00:02:34]} {[%emt 00:00:03]} Rxc1 {[%clk 00:09:20]}
{[%emt 00:00:18]} 23. Rxc1 {[%clk 00:02:40]} {[%emt 00:00:03]} Rc8 {[%clk
00:09:18]} {[%emt 00:00:12]} 24. Rxc8+ {[%clk 00:02:06]} {[%emt 00:00:45]} Nxc8
{[%clk 00:09:26]} {[%emt 00:00:02]} 25. Nb3 {[%clk 00:02:12]} {[%emt 00:00:04]}
Nd7 {[%clk 00:08:06]} {[%emt 00:01:29]} 26. Bd3 {[%clk 00:00:41]} {[%emt
00:01:41]} e5 {[%clk 00:07:43]} {[%emt 00:00:33]} 27. f3 {[%clk 00:00:44]}
{[%emt 00:00:08]} Nd6 {[%clk 00:07:05]} {[%emt 00:00:47]} 28. Na5 {[%clk
00:00:29]} {[%emt 00:00:26]} exd4 {[%clk 00:06:35]} {[%emt 00:00:40]} 29. Ne2
{[%clk 00:00:34]} {[%emt 00:00:05]} Ne5 {[%clk 00:06:27]} {[%emt 00:00:18]} 30.
Bb1 {[%clk 00:00:14]} {[%emt 00:00:31]} d3 {[%clk 00:06:05]} {[%emt 00:00:31]}
31. Nc3 {[%clk 00:00:23]} {[%emt 00:00:01]} d2 {[%clk 00:05:40]} {[%emt
00:00:35]} 32. Nb3 {[%clk 00:00:22]} {[%emt 00:00:11]} Ndc4 {[%clk 00:04:30]}
{[%emt 00:01:20]} 33. Kf2 {[%clk 00:00:26]} {[%emt 00:00:06]} Nxa3 {[%clk
00:03:52]} {[%emt 00:00:48]} 34. Nxd2 {[%clk 00:00:32]} {[%emt 00:00:04]} Nxb1
{[%clk 00:03:47]} {[%emt 00:00:14]} 35. Ncxb1 {[%clk 00:00:36]} {[%emt
00:00:05]} Nd3+ {[%clk 00:03:56]} {[%emt 00:00:03]} 36. Ke3 {[%clk 00:00:44]}
{[%emt 00:00:02]} Nxb4 {[%clk 00:04:03]} {[%emt 00:00:02]} 37. Nb3 {[%clk
00:00:37]} {[%emt 00:00:18]} Nc6 {[%clk 00:03:29]} {[%emt 00:00:43]} 38. Nc5
{[%clk 00:00:45]} {[%emt 00:00:03]} d4+ {[%clk 00:03:21]} {[%emt 00:00:18]} 39.
Kd2 {[%clk 00:00:48]} {[%emt 00:00:07]} Na5 {[%clk 00:03:14]} {[%emt 00:00:16]}
40. Na3 {[%clk 00:00:57]} {[%emt 00:00:03]} Nb3+ {[%clk 00:01:32]} {[%emt
00:01:51]} 41. Nxb3 {[%clk 00:01:04]} {[%emt 00:00:03]} Bxb3 {[%clk 00:01:41]}
42. Kd3 {[%clk 00:01:12]} {[%emt 00:00:02]} Kf7 {[%clk 00:01:43]} {[%emt
00:00:07]} 43. Kxd4 {[%clk 00:01:20]} {[%emt 00:00:02]} Ke6 {[%clk 00:01:16]}
{[%emt 00:00:38]} 44. Kc5 {[%clk 00:01:29]} {[%emt 00:00:01]} Kd7 {[%clk
00:00:56]} {[%emt 00:00:29]} 45. Kb6 {[%clk 00:01:34]} {[%emt 00:00:05]} Bd5
{[%clk 00:00:41]} {[%emt 00:00:24]} 46. Nc2 {[%clk 00:01:31]} {[%emt 00:00:14]}
Kd6 {[%clk 00:00:30]} {[%emt 00:00:22]} 47. Ne3 {[%clk 00:01:14]} {[%emt
00:00:27]} Ke5 {[%clk 00:00:27]} {[%emt 00:00:12]} 48. Ng4+ {[%clk 00:00:50]}
{[%emt 00:00:34]} Kf4 {[%clk 00:00:34]} {[%emt 00:00:03]} 49. Nf2 {[%clk
00:00:44]} {[%emt 00:00:17]} Ke3 {[%clk 00:00:28]} {[%emt 00:00:15]} 50. Nh3
{[%clk 00:00:50]} {[%emt 00:00:04]} Bc6 {[%clk 00:00:32]} {[%emt 00:00:07]} 51.
Ng5 {[%clk 00:00:56]} {[%emt 00:00:04]} Kf2 {[%clk 00:00:23]} {[%emt 00:00:18]}
52. Nxh7 {[%clk 00:00:57]} {[%emt 00:00:09]} Kxg2 {[%clk 00:00:32]} {[%emt
00:00:02]} 53. Ng5 {[%clk 00:01:01]} {[%emt 00:00:05]} Bxf3 {[%clk 00:00:15]}
{[%emt 00:00:26]} 54. h4 {[%clk 00:01:04]} {[%emt 00:00:08]} Kg3 {[%clk
00:00:20]} {[%emt 00:00:04]} 55. Ne6 {[%clk 00:01:11]} {[%emt 00:00:04]} g6
{[%clk 00:00:20]} {[%emt 00:00:10]} 56. Nf8 {[%clk 00:00:51]} {[%emt 00:00:30]}
Be4 {[%clk 00:00:21]} {[%emt 00:00:07]} 57. Nd7 {[%clk 00:00:56]} {[%emt
00:00:08]} Kxh4 {[%clk 00:00:21]} {[%emt 00:00:10]} 58. Nf6 {[%clk 00:00:57]}
{[%emt 00:00:09]} Bc6 {[%clk 00:00:28]} {[%emt 00:00:02]} 59. Nh7 {[%clk
00:01:00]} {[%emt 00:00:07]} g5 {[%clk 00:00:37]} {[%emt 00:00:02]} 60. Nxg5
{[%clk 00:01:07]} {[%emt 00:00:03]} Kxg5 {[%clk 00:00:46]} 61. Ka5 {[%clk
00:01:16]} {[%emt 00:00:01]} Kf6 {[%clk 00:00:54]} {[%emt 00:00:02]} 62. Kb4
{[%clk 00:01:25]} Ke5 {[%clk 00:01:03]} {[%emt 00:00:01]} 63. Kb3 {[%clk
00:01:34]} {[%emt 00:00:01]} Kd5 {[%clk 00:01:11]} {[%emt 00:00:02]} 64. Kb2
{[%clk 00:01:43]} {[%emt 00:00:01]} Kc4 {[%clk 00:01:18]} 65. Ka1 {[%clk
00:01:51]} {[%emt 00:00:03]} Kb4 {[%clk 00:01:25]} {[%emt 00:00:04]} 66. Kb1
{[%clk 00:02:00]} {[%emt 00:00:01]} b5 {[%clk 00:01:33]} {[%emt 00:00:01]} 67.
Ka1 {[%clk 00:02:07]} {[%emt 00:00:02]} a5 {[%clk 00:01:40]} {[%emt 00:00:05]}
68. Kb1 {[%clk 00:02:16]} a4 {[%clk 00:01:47]} {[%emt 00:00:01]} 69. Ka1 {[%clk
00:02:25]} {[%emt 00:00:02]} Kc3 {[%clk 00:01:48]} {[%emt 00:00:09]} 70. Ka2
{[%clk 00:02:33]} {[%emt 00:00:02]} b4 {[%clk 00:01:56]} {[%emt 00:00:02]} 71.
Ka1 {[%clk 00:02:42]} {[%emt 00:00:02]} Kc2 {[%clk 00:01:51]} {[%emt 00:00:14]}
72. Ka2 {[%clk 00:02:51]} {[%emt 00:00:02]} b3+ {[%clk 00:02:00]} {[%emt
00:00:01]} 73. Ka3 {[%clk 00:03:00]} {[%emt 00:00:02]} b2 {[%clk 00:02:00]}
{[%emt 00:00:07]} 0-1